000 01558pab a2200193 454500
008 180718b1998 xxu||||| |||| 00| 0 eng d
100 _aChaubey, P.K.
245 _aTowards an ideal system of federal governance: An attempt to develop a prototype fraternal model
260 _c1998
300 _ap.534-556.
362 _aJul-Sep
520 _aIn the context of worldwide support for decentralisation in governance and the growing need to delineate on the broad contours of an ideal system, the author first examines the existing federal systems and finding these highly paternal, he opts for evolving fraternal model. For this purpose, he appraises the approaches advanced in support of centralisation as well as decentralisation and then develops a theoretic model in terms of intra-unit, inter-unit and multi-unit governance. The basic idea advanced in this regard is that tasks that can be carried out at a lower level jurisdiction should not be assigned to a higher level. The author suggests empowering primary units to raise their own resources commensurate with the tasks allocated and recommends sharing of entitlements in place of grants-in-aid in the event of problems in assignment of elastic tax bases. He also examines in brief the federal relations in India and suggests a paradigm shift suiting the genius and ethos of our people. - Reproduced
650 _aPublic administration - India
650 _aFederalism - India
650 _aFederalism
773 _aIndian Journal of Public Administration
908 _aN
909 _a39407
999 _c39407
_d39407